Disertacion acerca de la rabia : (Record no. 187480)

MARC details
000 -LEADER
campo de control de longitud fija 01074nam a2200217 i 4500
001 - NÚMERO DE CONTROL
campo de control 187480
003 - IDENTIFICADOR DE NÚMERO DE CONTROL
campo de control ES-MaACL
005 - FECHA Y HORA DE LA ÚLTIMA TRANSACCIÓN
campo de control 20230906222935.0
008 - DATOS DE LONGITUD FIJA--INFORMACIÓN GENERAL
campo de control de longitud fija 170822s1786 sp |||| | spa d
080 ## - NÚMERO DE LA CLASIFICACIÓN DECIMAL UNIVERSAL
Número de la Clasificación Decimal Universal 616.98:578.824
100 1# - ENTRADA PRINCIPAL--NOMBRE DE PERSONA
Nombre de persona Leroux, Laurent-Charles-Pierre.
9 (RLIN) 163533
245 10 - MENCIÓN DEL TÍTULO
Título Disertacion acerca de la rabia :
Resto del título espontanea o de causa interna, y de causa externa o comunicada por la mordedura de animales rabiosos... /
Mención de responsabilidad, etc. escrita en francés por Mr. Le-Roux... ; traducida al castellano, ilustrada con un discurso en que se expone la descripcion de la rabia del hombre y de los animales... por el Doctor Don Bartholomé Piñera y Siles.
260 ## - PUBLICACIÓN, DISTRIBUCIÓN, ETC.
Lugar de publicación, distribución, etc. Madrid :
Nombre del editor, distribuidor, etc. En la Imp. de D. Josef Doblado,
Fecha de publicación, distribución, etc. 1786.
300 ## - DESCRIPCIÓN FÍSICA
Extensión 288 p. ;
Dimensiones cm.
530 ## - NOTA DISPONIBLE DE FORMULARIO FÍSICO ADICIONAL
Nota de formato físico adicional disponible Disponible en formato digital.
594 ## - Nota al título y mención de responsabilidad
Nota al título y mención de responsabilidad Encabezamiento tomado del Cat. de la Bibl. Nac. de París.
650 #4 - PUNTO DE ACCESO ADICIONAL DE MATERIA--TÉRMINO DE MATERIA
Término de materia o nombre geográfico como elemento de entrada Rabia.
9 (RLIN) 136800
700 1# - ENTRADA AGREGADA--NOMBRE PERSONAL
Nombre de persona Piñera y Siles, Bartolomé.
9 (RLIN) 92271
852 ## - LOCALIZACIÓN
Ubicación ES-MaACL
Número de control de estantería R-1386
Encuadernación Olim: G-15140
856 ## - LOCALIZACIÓN Y ACCESO ELECTRÓNICOS
Identificador Uniforme de Recursos <a href="https://archive.org/details/b28761637/page/n6 ">https://archive.org/details/b28761637/page/n6 </a>
Nota pública Internet Archive
Holdings
Estatus retirado Estado de pérdida Estado de daño No para préstamo Colección Biblioteca de origen Biblioteca actual Ubicación en estantería Fecha de adquisición Fuente de adquisición Total de préstamos Signatura topográfica completa Código de barras Visto por última vez Precio de reemplazo Tipo de ítem Koha
        Colección digital Biblioteca del Ateneo de Madrid Biblioteca del Ateneo de Madrid Depósito 22/08/2017     R-1386 1197945 23/02/2023 23/02/2023 Libro impreso antiguo